Loading...
Water Gardens/
| Hovedforfatter: | |
|---|---|
| Format: | Printed Book |
| Udgivet: |
London:
Alphabooks, A and C Black,
1989.
|
| Fag: |
| LEADER | 00551nam a22001697a 4500 | ||
|---|---|---|---|
| 020 | |a 9780713631470 | ||
| 082 | |a 714 |b GOR/W | ||
| 100 | |a Gordon T Ledbetter |9 97782 | ||
| 245 | |a Water Gardens/ |c by Gordon T Ledbetter | ||
| 260 | |a London: |b Alphabooks, A and C Black, |c 1989. | ||
| 300 | |a 160p. | ||
| 650 | |a Water Gardens |9 97783 | ||
| 650 | |a Architecture |9 97784 | ||
| 650 | |a Arts |9 97785 | ||
| 942 | |c BK | ||
| 999 | |c 140627 |d 140627 | ||
| 952 | |0 0 |1 0 |4 0 |6 714_000000000000000_GOR_W |7 0 |9 96871 |a SSUS |b SSUS |c STACKS |d 2019-01-10 |o 714 GOR/W |p 092690 |r 2019-01-10 |w 2019-01-10 |y BK | ||